000 00706nam a2200217 a 4500
005 20241203063739.0
008 991125m19932010mx 000 0 spa u
020 _a9681641140 (10 dígitos)
020 _a9789681641146 (13 dígitos)
035 _aUPN01000001483
049 _aI
050 4 _aPZ7
_bO7.2
100 1 _aOram, Hiawyn,
_d1946-
_936877
245 1 0 _aAlex quiere un dinosaurio /
_cHiawyn Oram ; il. Satoshy Kitamura ; tr. Catalina Domínguez.
260 _aMéxico :
_bFCE,
_c1993 (2010 impr.).
300 _a[26] p. :
_bil. col.
440 0 _aA la orilla del viento
650 4 _aLibros y lectura para niños
_92290
650 4 _aDinosaurios
_vLiteratura infantil
_99370
905 _aInfantil
999 _c1483
_d1483